pays en A - Statistiques

Statistiques générales
  • Ce quiz a été pris 132 fois
    43 depuis la dernière actualisation
  • Le résultat moyen est 11 sur 12
Statistiques - réponses
Par images Réponse % Correct
allemagne
100%
argentine
100%
afrique du sud
97%
albanie
97%
algerie
97%
arabie saoudite
95%
andorre
92%
Angola
92%
Afghanistan
89%
arménie
89%
azerbaidjan
87%
antigua
79%
Aucun quiz correspondant
Distribution des résultats
% des personnes avec chaque résultat
Percentile par nombre de réponses
Votre historique - résultats
Vous n’avez pas pris ce quiz depuis la dernière actualisation